00874nam a2200169   450000500170000000800410001702000250005804100120008308200130009510000170010824500300012526000430015530000080019836500190020652004600022565000190068520260212110110.0260204b        |||||||| |||| 00| 0 eng d  a9788182475144         aEnglish  a746bNIS  aNisbet Harry  aGrammar of Textile Design  aNew DelhibAbhishek Publicationsc2024  a375  b1336.65cRs.00  a1.	Introduction
2.	Plain weave and its modification
3.	Twill and kindered weaves
4.	Diamonds and kindered weaves
5.	Bedford cords
6.	Backed fabrics
7.	Fustians
8.	Terry and loop pile fabrics
9.	Gauze and net lend fabrics
10.	Leno brocade fabrics
11.	Tissue, lappet and swivel figured fabrics
12.	Brocade fabric
13.	Damask fabric
14.	Alhambra and kindered fabric
15.	Piques or toilet welts
16.	Toilet quilting fabrics
17.	Patent satin
18.	Tapestry fabrics
  aTextile Design